Części Wielkiej Brytanii na mapie - Statystyki

Ogólne statystyki
  • Ten quiz został rozwiązany 13 razy
  • Średni wynik to 11 z 21
Odpowiedzi na mapie
Odpowiedzi zakodowano w zielono-czerwonej skali na mapie do tego quizu, zgodnie z poniższymi procentami.
 
Statystyki odpowiedzi
Rodzaj Część składowa % Poprawnych
Kraj Irlandia Północna
100%
Kraj Szkocja
100%
Kraj Walia
100%
Kraj Anglia
88%
Terytoria zamorskie Gibraltar
88%
Terytoria zamorskie Falklandy
63%
Terytoria zamorskie Brytyjskie Wyspy Dziewicze
50%
Dependencja Korony Brytyjskiej Wyspa Man
50%
Terytoria zamorskie Bermudy
38%
Terytoria zamorskie Brytyjskie Terytorium Antarktyczne
38%
Terytoria zamorskie Brytyjskie Terytorium Oceanu Indyjskiego
38%
Terytoria zamorskie Georgia Południowa i Sandwich Południowy
38%
Dependencja Korony Brytyjskiej Guernsey
38%
Dependencja Korony Brytyjskiej Jersey
38%
Terytoria zamorskie Kajmany
38%
Terytoria zamorskie Pitcairn
38%
Terytoria zamorskie Tristan da Cunha
38%
Terytoria zamorskie Akrotiri i Dhekelia
25%
Terytoria zamorskie Anguilla
25%
Terytoria zamorskie Montserrat
25%
Terytoria zamorskie Wyspa Wniebowstąpienia
25%
Nie znaleziono quizów pasujących do podanych kryteriów
Rozkład punktacji
Procent ludzi z każdym wynikiem
Percentyl według liczby udzielonych odpowiedzi
Twoja historia wyników
Nie rozwiązałeś tego quizu